000 00933nam a2200265 a 4500
001 43670
003 BD-RjUL
005 20211209053731.0
008 160626s1964 pk a f000 0 eng
035 _a(BD-RjUL)43788
035 _a(OCoLC)6629073
040 _aDLC
_cNIC
_dDLC
_beng
041 _aeng
082 _a344.54910121
_bHAN 1964
245 1 0 _aHandbook of minimum wages legislation.
_cEdited by M. Shafi.
260 _aKarachi :
_bBureau of Labour Publications,
_c1964.
300 _a56 p. :
_bill. ;
_c25 cm.
500 _aContaining Minimum wages ordinance, Minimum wages rules of East & West Pakistan, Minimum rates of wages fixed in East & West Pakistan.
650 0 _aMinimum wage
_zPakistan.
_9133471
650 0 _aMinimum wage
_xLaw and legislation
_z Pakistan.
_9134271
700 1 _aShafi, Mohammad,
_d1900-1992,
_eed.
_9133121
710 _aPakistan
_9134272
942 _2ddc
_cBK
999 _c43670
_d43670